LEADER 01621nam a2200313 i 4500 001 000000118280 003 CaOOAMICUS 005 20091124155150.0 008 091124t2008 it m 000 0 ita c 020 $a978-88-7367-075-9 040 $aPUL$bita$dReb 111 2 $aSettimana Liturgica Nazionale$n(58 :$d2007 :$cSpoleto).$0(OLS)http://pul/name/73850 245 10$aCelebrare nella cittą dell'uomo :$bcomportatevi da cittadini degni del Vangelo /$cA cura del Centro di Azione Liturgica. 260 $aRoma :$bC.L.V. Edizioni liturgiche,$c©2008. 300 $a220 p. ;$c24 cm 490 1 $aBibliotheca "Ephemerides liturgicae".$aSectio pastoralis ;$v28 500 $aIn testa al front.: 56a Settimana Liturgica Nazionale. Spoleto, 27-31 agosto 2007. 504 $aBibliografia in nota. 650 4$aCelebrazioni sacramentali.$0(OLS)http://pul/subject/35888 650 4$aLiturgia.$0(OLS)http://pul/subject/2437 650 4$aComunitą cristiana.$0(OLS)http://pul/subject/22746 710 2 $aCentro di azione liturgica.$0(OLS)http://pul/name/19924 830 0$aBibliotheca "Ephemerides liturgicae".$pSectio pastoralis ;$v28.$0(OLS)http://pul/title/148777 850 $aPUL 852 $aPUL$W1$xSL Religione 3$y85$m248. 3 CLV 1.58$j135700$qDDC 21$B134690$CPULBib$Z2$F134690 $H109165 $82 941 1 $a9 996 $6020$a978-88-7367-075-9$9(OLS)http://pul/number/142500 996 $6245$aCelebrare nella cittą dell'uomo :$bcomportatevi da cittadini degni del Vangelo$9(OLS)http://pul/title/148852 996 $6260$aRoma :$bC.L.V. Edizioni liturgiche$9(OLS)http://pul/publisher/51216 LEADER 01321nam a2200349 a 4500 001 000000149716 003 CaOOAMICUS 005 20160225105420.0 008 160225s2012 enk u000 u eng r 020 $z978041553791-9* 032 $aLibriCat 040 $aPUL$bita 082 04$a179 100 1 $aArmstrong, Adrian.$0(OLS)http://pul/name/95420 245 10$aEthics and justice for the environment / $cAdrian Armstrong. 260 $aLondon ;$aNew York :$bRoutledge,$c2012. 300 $axiii, 274 p. ;$c24 cm. 500 $aInclude bibliografia e indice. 650 04$aEtica e economia.$0(OLS)http://pul/subject/11804 850 $aPUL 852 $aPUL$W1$xSL Filosofia 3$y81$m179 ARMAD 1$j172381$qDDC 21$B174031$CPULBib$Z2$F174031 $H127312 $81 941 1 $a9 960 $aEconomia e morale$911804 960 $aEconomia e morale$911804 960 $aEtica economica$911804 960 $aEtica degli affari$911804 960 $aFinanza etica$911804 996 $6020$z978041553791-9*$9(OLS)http://pul/number/159845 996 $6082$a179$9(OLS)http://pul/classification/72 996 $6245$aEthics and justice for the environment / $9(OLS)http://pul/title/188741 996 $6260$aLondon ;$aNew York :$bRoutledge$9(OLS)http://pul/publisher/52469